[Event "Donostia Spring op 13th"]
[Site "Donostia"]
[Date "2017.06.10"]
[Round "7.12"]
[White "Izaguirre Altuna, Alberto"]
[Black "Cejudo Urdampilleta, Jose Manuel"]
[Result "1/2-1/2"]
[WhiteElo "1572"]
[BlackElo "1852"]
[PlyCount "49"]
[EventDate "2017.04.29"]
[EventType "swiss"]
[EventRounds "7"]
[EventCountry "ESP"]
[SourceTitle "EXT 2024"]
[Source "ChessBase"]
[SourceDate "2023.10.10"]
[SourceVersion "1"]
[SourceVersionDate "2023.10.10"]
[SourceQuality "1"]

1. e4 e6 2. d4 d5 3. Nd2 Nf6 4. e5 Nfd7 5. Ngf3 c5 6. c3 Nc6 7. Be2 Qb6 8. Nb3 cxd4 9. cxd4 f6 10. exf6 Nxf6 11. 0-0 Bd6 12. Re1 0-0 13. h3 a5 14. a4 Bd7 15. Bb5 Rae8 16. Be3 Nb4 17. Bxd7 Nxd7 18. Ne5 Bxe5 19. dxe5 Qc7 20. Rc1 Nc6 21. f4 Qd8 22. Nc5 Nxc5 23. Rxc5 d4 24. Bc1 Qd7 25. Qb3 1/2-1/2

[Event "ESP-ch Seniors 50"]
[Site "Altea"]
[Date "2016.10.09"]
[Round "1"]
[White "Cejudo Urdampilleta, Jose Manuel"]
[Black "Riquelme Valero, Manuel Damian"]
[Result "0-1"]
[WhiteElo "1851"]
[BlackElo "2162"]
[PlyCount "59"]
[EventDate "2016.10.09"]
[EventType "swiss"]
[EventRounds "9"]
[EventCountry "ESP"]
[SourceTitle "EXT 2024"]
[Source "ChessBase"]
[SourceDate "2023.10.10"]
[SourceVersion "1"]
[SourceVersionDate "2023.10.10"]
[SourceQuality "1"]

1. d4 d5 2. Nf3 Nf6 3. c4 dxc4 4. e3 a6 5. Bxc4 e6 6. Nc3 b5 7. Bb3 Bb7 8. 0-0 c5 9. Qe2 Nbd7 10. Rd1 c4 11. Bc2 Qc7 12. e4 b4 13. e5 bxc3 14. exf6 Nxf6 15. bxc3 Bd6 16. Ba4+ Kf8 17. Ne5 Ne4 18. Bd2 Bd5 19. Bc2 Nxd2 20. Rxd2 Rb8 21. h3 Rb2 22. Rb1 Rxb1+ 23. Bxb1 g6 24. Bc2 Kg7 25. Qe3 f6 26. Ng4 h5 27. Be4 hxg4 28. hxg4 Bh2+ 29. Kf1 Bf4 30. Qe2 0-1

[Event "Euskadi-ch Seniors"]
[Site "Zarautz"]
[Date "2013.06.15"]
[Round "3"]
[White "Cejudo Urdampilleta, Jose Manuel"]
[Black "Solino Barreiro, Moises"]
[Result "1-0"]
[WhiteElo "1829"]
[BlackElo "1837"]
[PlyCount "41"]
[EventDate "2013.06.15"]
[EventType "swiss"]
[EventRounds "6"]
[EventCountry "ESP"]
[SourceTitle "EXT 2015"]
[Source "ChessBase"]
[SourceDate "2014.11.20"]
[SourceVersion "1"]
[SourceVersionDate "2014.11.20"]
[SourceQuality "1"]

1. d4 d5 2. c4 e6 3. Nc3 c6 4. e3 Nd7 5. Nf3 Bd6 6. Bd3 f5 7. cxd5 exd5 8. Bxf5 Ngf6 9. 0-0 0-0 10. Qc2 g6 11. Be6+ Kg7 12. e4 dxe4 13. Nxe4 Nxe4 14. Bxd7 Bxd7 15. Qxe4 Bf5 16. Qe3 Qc7 17. Bd2 Rae8 18. Qh6+ Kh8 19. Rfe1 Be4 20. Ne5 Bd5 21. Nxg6+ 1-0

[Event "Donostia Spring op 09th"]
[Site "Donostia"]
[Date "2013.06.01"]
[Round "8"]
[White "Urretabizkaia Merino, Asier"]
[Black "Cejudo Urdampilleta, Jose Manuel"]
[Result "0-1"]
[WhiteElo "2074"]
[BlackElo "1744"]
[PlyCount "96"]
[EventDate "2013.04.19"]
[EventType "swiss"]
[EventRounds "8"]
[EventCountry "ESP"]
[SourceTitle "EXT 2024"]
[Source "ChessBase"]
[SourceDate "2023.10.10"]
[SourceVersion "1"]
[SourceVersionDate "2023.10.10"]
[SourceQuality "1"]

1. d4 d5 2. c4 e6 3. Nc3 Be7 4. Qc2 Nf6 5. Bg5 c5 6. e3 cxd4 7. exd4 Nc6 8. cxd5 Nxd5 9. Bxe7 Qxe7 10. Nf3 0-0 11. Bc4 Rd8 12. 0-0-0 Ncb4 13. Qb3 a5 14. Rhe1 a4 15. Nxd5 Nxd5 16. Qb5 Qc7 17. Qc5 Qf4+ 18. Kb1 b6 19. Qa3 Bb7 20. Ne5 Nc7 21. Qe7 Be4+ 22. Rxe4 Qxe4+ 23. Bd3 Qf4 24. Qxc7 a3 25. Qc2 g6 26. Be4 Rac8 27. Nc6 Kg7 28. g3 Qd6 29. Qa4 Qd7 30. d5 Rxc6 31. dxc6 Qxd1+ 32. Qxd1 Rxd1+ 33. Kc2 Rd8 34. b4 f5 35. Bg2 e5 36. Bd5 Kf6 37. Kb3 Ke7 38. Kxa3 Kd6 39. Bg2 b5 40. Kb2 e4 41. Kc3 Kxc6 42. Bf1 Rd1 43. Be2 Re1 44. Kd2 Ra1 45. Bd1 Rxa2+ 46. Bc2 Kd5 47. Kc3 Rxc2+ 48. Kxc2 Kc4 0-1

[Event "Donostia Spring op 09th"]
[Site "Donostia"]
[Date "2013.05.11"]
[Round "5"]
[White "Cejudo Urdampilleta, Jose Manuel"]
[Black "Diaz Herrero, Alvaro"]
[Result "1-0"]
[WhiteElo "1744"]
[BlackElo "2160"]
[PlyCount "55"]
[EventDate "2013.04.19"]
[EventType "swiss"]
[EventRounds "8"]
[EventCountry "ESP"]
[SourceTitle "EXT 2024"]
[Source "ChessBase"]
[SourceDate "2023.10.10"]
[SourceVersion "1"]
[SourceVersionDate "2023.10.10"]
[SourceQuality "1"]

1. d4 d6 2. Nf3 g6 3. c4 Bg7 4. Nc3 Bg4 5. g3 Bxf3 6. exf3 c6 7. Bg2 e6 8. d5 exd5 9. cxd5 c5 10. 0-0 Ne7 11. Re1 0-0 12. Bg5 f6 13. Bf4 g5 14. Qe2 Nc8 15. Bd2 Qd7 16. f4 h6 17. Bf3 Na6 18. fxg5 fxg5 19. Bg4 Qd8 20. Be6+ Kh8 21. Nb5 Nc7 22. Nxc7 Qxc7 23. Qh5 Qd8 24. Bc3 Kh7 25. Bf7 Rxf7 26. Qxf7 Qg8 27. Qxb7 Nb6 28. Re7 1-0